Statistics for Sports Teams by State Quiz

Click here to take the quiz!

General Stats

  • This quiz has been taken 66,812 times
    (55,446 since last reset)
  • The average score is 30 of 44

Answer Stats

Team State % Correct
CALakersCalifornia
90%
FLGatorsFlorida
89%
OHBengalsOhio
86%
WASeahawksWashington
85%
NYYankeesNew York
85%
PAPhilliesPennsylvania
84%
MACelticsMassachusetts
84%
WIPackersWisconsin
83%
CORockiesColorado
83%
AZDiamondbacksArizona
83%
UTJazzUtah
82%
MNVikingsMinnesota
81%
LASaintsLouisiana
80%
TXSpursTexas
79%
INPacersIndiana
78%
ALCrimson TideAlabama
78%
ILBlackhawksIllinois
77%
MDOriolesMaryland
77%
DCNationalsWashington D.C.
76%
NECornhuskersNebraska
75%
OKSoonersOklahoma
71%
ORBeaversOregon
70%
NCBlue DevilsNorth Carolina
67%
MORoyalsMissouri
66%
KSJayhawksKansas
65%
ARRazorbacksArkansas
64%
SCGamecocksSouth Carolina
64%
IAHawkeyesIowa
64%
TNVolunteersTennessee
63%
MIWolverinesMichigan
60%
NMLobosNew Mexico
60%
NDFighting SiouxNorth Dakota
58%
WVMountaineersWest Virginia
57%
VAHokiesVirginia
52%
KYWildcatsKentucky
50%
AKNanooksAlaska
50%
GABulldogsGeorgia
49%
MSRebelsMississippi
47%
DEBlue HensDelaware
46%
NJScarlet KnightsNew Jersey
44%
MTGrizzlies (NCAA)Montana
41%
SDJackrabbitsSouth Dakota
38%
IDVandalsIdaho
38%
HIWarriors (NCAA)Hawaii
37%

Score Distribution

Percentile by Number Answered

Percent of People with Each Score

Your Score History

You have not taken this quiz since the last reset